Desarrollo urbano: Proyectos y experiencias de trabajo: II taller de desarrollo urbano y participación noviembre de 1997 /

Guardat en:
Dades bibliogràfiques
Autor principal: Dávalos Domínguez, Roberto
Autor corporatiu: Universidad de la Habana
Altres autors: comp. Basail Rodríguez, Alaín comp
Format: Text
Publicat: La Habana
Etiquetes: Afegir etiqueta
Sense etiquetes, Sigues el primer a etiquetar aquest registre!

MARC

LEADER 00000 a a2200000 04500
001 38208
003
040
090 |a 1003 D245d  
100 |a Dávalos Domínguez, Roberto  
110 |a Universidad de la Habana  
245 |a Desarrollo urbano: Proyectos y experiencias de trabajo: II taller de desarrollo urbano y participación noviembre de 1997 /  |c Roberto Dávalos Domínguez  
260 |a La Habana  
300 |a 191 p.  
700 |a comp.   |a Basail Rodríguez, Alaín   |a comp.  
999 |c 6055  |d 6055